| 000 | 01345cam a2200193 4500 | ||
|---|---|---|---|
| 001 | WB3838-12 | ||
| 008 | 021017n2002 000 0 eng u | ||
| 035 | _a(Sirsi) u120158 | ||
| 245 | _aHouse prices up again | ||
| 260 | _c2002 | ||
| 490 |
_aRICS Press Release _v17 October 2002, (1) |
||
| 520 | _aHouse price inflation is accelerating again according to the just published RICS housing market survey for England and Wales for three months to September 2002. 58% more surveyors reported price rises in September than those reporting falls, up 6% on August and almost two and a half times the long-term trend of 24%. Price upturn was strongest in East Midlands, Yorkshire and Humberside with the London market now picking up after the summer. Potential number of buyers making enquiries went up in comparison with August. Chartered surveyors expect prices to continue to rise and the number of surveyors expecting sales to rise remains high. The survey is available at http://www.rics.org/downloads/market_survey/housing_sep02.pdf http://www.rics.org/ricscms/bin/show?class=PressRelease&template=/includes/showpr.html&id=822 | ||
| 590 | _aWB | ||
| 650 | _aRICS MARKET SURVEYS | ||
| 650 | _aHOUSE PRICE INFLATION | ||
| 650 | _aHOUSING MARKET SURVEYS | ||
| 690 | _aPROPERTY-RESIDENTIAL PROPERTY-RESIDENTIAL PROPERTY MARKET | ||
| 942 | _n0 | ||
| 999 |
_c71385 _d71385 |
||